La class de langue

Gorde:
Xehetasun bibliografikoak
Egile nagusia: TAGLIANTE, Christine
Formatua: Liburua
Hizkuntza:ingelesa
Argitaratua: CLE International 2006
Etiketak: Etiketa erantsi
Etiketarik gabe, Izan zaitez lehena erregistro honi etiketa jartzen!

MARC

LEADER 00000nam a22000007a 4500
008 231006b |||||||| |||| 00| 0 eng d
020 |a 9782090330687 
100 |a TAGLIANTE, Christine 
245 |a La class de langue  |c  / Christine Tagliante  |e (Techniques et pratiques de classe)  |g 192p.ill. 
260 |b CLE International  |c 2006  |h Paris  |i 673891  |l PC2112.T12  |m Language and languages - Study and teaching  |m French language - Grammar  |m French language - Spoken French  |m Language acquisition - Study and teaching  |m French language - Study and teaching - Foreign speakers 
942 |a lcc  |c BK  |e A.R.Akinniyi  |f 6:10:2023 
952 |0 0  |1 0  |2 lcc  |4 0  |6 PC2112 T12  |7 0  |9 4545  |a HOL  |b HOL  |c LP  |d 2023-10-06  |l 0  |o PC2112.T12  |p 2023-0465  |r 2023-10-06 00:00:00  |t 673891  |w 2023-10-06  |y BK 
999 |c 2276  |d 2276